| 000 | 00367nam a22001577a 4500 | ||
|---|---|---|---|
| 003 | CEME | ||
| 005 | 20210628201949.0 | ||
| 008 | 210415b xxu||||| |||| 00| 0 eng d | ||
| 040 | _c. | ||
| 082 | _a621.38418 BAR | ||
| 100 |
_aZhdanov, Barkan.V _957627 |
||
| 245 | _aRadio receivers | ||
| 260 |
_aLONDON _bMIR PUBLISHERS _c1970 |
||
| 300 | _a501P | ||
| 942 |
_cBK _2ddc |
||
| 999 |
_c567897 _d567897 |
||